Random Foods in Spanish - Statistics

General Stats
  • This quiz has been taken 100 times
  • The average score is 12 of 20
Answer Stats
Picture Answer % Correct
Leche
96%
Manzana
96%
Naranja
89%
Pollo Asado
87%
Arroz
80%
Sal
74%
Tomate
73%
Sopa
69%
Frijoles
64%
Mantequilla
64%
Huevos
61%
Zanahoria
51%
Papas Fritas
49%
Uvas
49%
Ajo
40%
Jámon
39%
Pimienta
21%
Melocoton
19%
Salchicha
19%
Pavo
13%
No matching quizzes found
Score Distribution
Percent of People with Each Score
Percentile by Number Answered
Your Score History
You have not taken this quiz